Jesse L. Martin Filmography - Statistics

General Stats
  • This quiz has been taken 3 times
    2 since last reset
  • The average score is 4 of 52
Answer Stats
Type Year Name % Correct
Short Film 2010 F--K
100%
TV Show 2014-2023 The Flash
100%
Theater 1996-1997 Rent
50%
Film 2005 Rent
50%
TV Show 2017 Supergirl
50%
TV Show 1997-1998 413 Hope St.
0%
Theater 2002 42nd and Vine: Hollywood Hits Broadway
0%
TV Film 2004 A Christmas Carol: The Musical
0%
TV Show 1998-1999 Ally McBeal
0%
Documentary Series 2008 American Masters
0%
TV Film 2008 A Muppets Christmas: Letters to Santa
0%
TV Show 2007 Andy Barker, P.I.
0%
Film 2009 Buffalo Bushido
0%
Short Film 2002 Burning House of Love
0%
TV Film 1999 Deep in My Heart
0%
TV Show 1992 Guiding Light
0%
TV Film 2011 Hallelujah
0%
Documentary Series 2016-Present How It Really Happened with Jesse L. Martin
0%
Theater 1995 I Ain't Yo' Uncle: The New Jack Revisionist Uncle Tom's Cabin
0%
Film 2012 Joyful Noise
0%
TV Show 1999-2008 Law & Order
0%
TV Show 2001 Law & Order: Criminal Intent
0%
Video Game 2004 Law & Order: Justice Is Served
0%
TV Show 1999, 2000 Law & Order: Special Victims Unit
0%
TV Show 2005 Law & Order: Trial by Jury
0%
TV Show 1995, 1998 New York Undercover
0%
TV Show 1995 One Life to Live
0%
Film 2009 Peter and Vandy
0%
Film TBA PH-1
0%
Film 2011 Puncture
0%
TV Special 2019 Rent: Live
0%
Film 1998 Restaurant
0%
Film 2023 Re: Uniting
0%
Theater 1995 Rock 'N' Roles from William Shakespeare
0%
Film 2003 Season of Youth
0%
TV Pilot 2013 Secret Lives of Husbands and Wives
0%
Film TBA Sexual Healing
0%
Film TBA Silent Rhythm
0%
TV Show 2013 Smash
0%
TV Show 2016, 2017 Sofia the First
0%
Theater 1994 The Arabian Nights
0%
Film 2007 The Cake Eaters
0%
Short Film 2007 The C.O.R.P.S.
0%
Theater 1994 The Government Inspector
0%
TV Show 2023-2025 The Irrational
0%
Director 2016 The Letter Carrier
0%
Theater 2010-2011 The Merchant of Venice
0%
TV Show 2009 The Philanthropist
0%
Theater 2003 The Threepenny Opera
0%
Theater 2010 The Winter's Tale
0%
TV Show 1999 The X-Files
0%
Theater 1993 Timon of Athens
0%
No matching quizzes found
Score Distribution
Percent of People with Each Score
Percentile by Number Answered
Your Score History
You have not taken this quiz since the last reset